LIBRARY ONLINE CATALOGUE

Geographical information systems : (Record no. 3712)

MARC details
000 -LEADER
fixed length control field 00757nam a22002292 4500
001 - CONTROL NUMBER
control field 0000013555
005 - DATE AND TIME OF LATEST TRANSACTION
control field 20151217145902.0
008 - FIXED-LENGTH DATA ELEMENTS--GENERAL INFORMATION
fixed length control field 090923s xx 000 0 eng d
020 ## - INTERNATIONAL STANDARD BOOK NUMBER
International Standard Book Number 0195556070 :
040 ## - CATALOGING SOURCE
Original cataloging agency KABU
Transcribing agency KABU
100 1# - MAIN ENTRY--PERSONAL NAME
Personal name Delaney, Julie.
-- 0000170996
245 10 - TITLE STATEMENT
Title Geographical information systems :
Remainder of title an introduction /
Statement of responsibility, etc. Julie Delaney & Kimberly Van Niel.
250 ## - EDITION STATEMENT
Edition statement 2nd ed.
260 ## - PUBLICATION, DISTRIBUTION, ETC. (IMPRINT)
Place of publication, distribution, etc. Oxford :
Name of publisher, distributor, etc. O. U. P.,
Date of publication, distribution, etc. 2007.
300 ## - PHYSICAL DESCRIPTION
Extent xviii, 214 p.
650 #0 - SUBJECT ADDED ENTRY--TOPICAL TERM
Topical term or geographic name as entry element Geographic information systems.
-- 0000169612
700 1# - ADDED ENTRY--PERSONAL NAME
Personal name Van Niel, Kimberly.
-- 0000170997
852 1# - LOCATION
-- p6049 KES
852 1# - LOCATION
-- p3509 KES
908 ## - PUT COMMAND PARAMETER (RLIN)
Put command parameter 090923
950 ## - LOCAL HOLDINGS (RLIN)
-- 1
Holdings
Withdrawn status Lost status Source of classification or shelving scheme Not for loan Home library Current library Date acquired Total Checkouts Full call number Barcode Date last seen Date last checked out Price effective from Koha item type Total Renewals
    Library of Congress Classification   Kabarak, Main Campus Kabarak, Main Campus 17/12/2015 2 G70.212 .D45 2007 c. 2 015715 26/07/2017 08/07/2017 17/12/2015 General Collection  
    Library of Congress Classification   Kabarak, Main Campus Kabarak, Main Campus 17/12/2015 4 G70.212 .D45 2007 c. 1 18126 09/11/2021 08/10/2021 17/12/2015 General Collection 1